00410nam a2200109Ia 4500008004100000050002200041100002300063245009600086260008600182300002000268521001200288140724s9999 xx 000 0 und d aRT 82b.B336 2009 aBatucan, Shalimar. 2aA comparative study on functional nursing and modified primary nursing /cShalimar Batucan. aLas Piñas, Philippines :bSouthville International School and Colleges,cc2009. a73 p. :c28 cm. aNursing